[Event "Deutsche Ländermeisterschaft 2025"]
[Site "Oer-Erkenschwick GER"]
[Date "2025.10.05"]
[Round "7"]
[White "Lorenz, Veronika"]
[Black "Hoffmann, Sophia"]
[Result "1-0"]
[Termination "normal"]
[Board "7.6"]
[WhiteElo "1972"]
[BlackElo "1666"]
[WhiteClock "00:29:20"]
[BlackClock "00:00:35"]
[WhiteTeam "Berlin"]
[BlackTeam "Saarland & Friends"]
[PlyCount "65"]
[WhiteFideId "16277406"]
[BlackFideId "16259130"]
[EventCountry "GER"]
[EventRounds "7"]
[EventType "team-swiss"]
[EventDate "2025.09.30"]

1. e4 {[%clk 01:30:58]} {[%emt 00:00:02]} e5 {[%clk 01:30:56]} {[%emt
00:00:04]} 2. Nf3 {[%clk 01:31:26]} {[%emt 00:00:02]} Nc6 {[%clk 01:31:20]}
{[%emt 00:00:05]} 3. Bb5 {[%clk 01:31:55]} Nf6 {[%clk 01:31:44]} {[%emt
00:00:06]} 4. d3 {[%clk 01:32:06]} {[%emt 00:00:20]} Bc5 {[%clk 01:31:52]}
{[%emt 00:00:21]} 5. c3 {[%clk 01:32:30]} {[%emt 00:00:07]} d6 {[%clk
01:27:59]} {[%emt 00:04:22]} 6. O-O {[%clk 01:32:35]} {[%emt 00:00:26]} O-O
{[%clk 01:25:53]} {[%emt 00:02:35]} 7. Bg5 {[%clk 01:31:05]} {[%emt 00:02:00]}
Bg4 {[%clk 01:22:53]} {[%emt 00:03:30]} 8. Nbd2 {[%clk 01:28:52]} {[%emt
00:02:43]} a6 {[%clk 01:07:56]} {[%emt 00:15:28]} 9. Ba4 {[%clk 01:29:10]}
{[%emt 00:00:12]} h6 {[%clk 01:02:00]} {[%emt 00:06:24]} 10. Bh4 {[%clk
01:29:27]} {[%emt 00:00:14]} g5 {[%clk 00:59:32]} {[%emt 00:02:58]} 11. Bg3
{[%clk 01:29:32]} {[%emt 00:00:25]} Nh5 {[%clk 00:57:06]} {[%emt 00:02:56]} 12.
Kh1 {[%clk 01:19:58]} {[%emt 00:09:56]} Qc8 {[%clk 00:49:52]} {[%emt 00:07:52]}
13. Bc2 {[%clk 01:02:18]} {[%emt 00:18:10]} Ne7 {[%clk 00:43:33]} {[%emt
00:06:49]} 14. Nb3 {[%clk 00:58:22]} {[%emt 00:04:27]} Ba7 {[%clk 00:40:52]}
{[%emt 00:03:10]} 15. d4 {[%clk 00:58:32]} {[%emt 00:00:20]} Ng6 {[%clk
00:36:09]} {[%emt 00:05:13]} 16. Qd3 {[%clk 00:52:39]} {[%emt 00:06:23]} Ngf4
{[%clk 00:27:54]} {[%emt 00:08:45]} 17. Qe3 {[%clk 00:51:09]} {[%emt 00:01:58]}
c5 {[%clk 00:21:45]} {[%emt 00:06:41]} 18. Ne1 {[%clk 00:46:29]} {[%emt
00:05:10]} cxd4 {[%clk 00:20:34]} {[%emt 00:01:41]} 19. cxd4 {[%clk 00:46:51]}
{[%emt 00:00:09]} exd4 {[%clk 00:20:06]} {[%emt 00:00:57]} 20. Qd2 {[%clk
00:46:56]} {[%emt 00:00:25]} Re8 {[%clk 00:16:10]} {[%emt 00:04:26]} 21. Nxd4
{[%clk 00:43:20]} {[%emt 00:04:06]} Qc4 {[%clk 00:08:51]} {[%emt 00:07:46]} 22.
Nef3 {[%clk 00:41:04]} {[%emt 00:02:48]} Rac8 {[%clk 00:04:40]} {[%emt
00:04:41]} 23. Rac1 {[%clk 00:39:53]} {[%emt 00:01:42]} Bxf3 {[%clk 00:02:55]}
{[%emt 00:02:15]} 24. Nxf3 {[%clk 00:39:52]} {[%emt 00:00:30]} Qb5 {[%clk
00:03:04]} {[%emt 00:00:22]} 25. Bb3 {[%clk 00:31:16]} {[%emt 00:09:05]} Rxc1
{[%clk 00:01:21]} {[%emt 00:02:13]} 26. Rxc1 {[%clk 00:31:41]} {[%emt
00:00:06]} Rxe4 {[%clk 00:01:05]} {[%emt 00:00:45]} 27. Qxd6 {[%clk 00:31:31]}
{[%emt 00:00:40]} Re8 {[%clk 00:00:45]} {[%emt 00:00:50]} 28. Qxh6 {[%clk
00:31:04]} {[%emt 00:00:57]} Nxg3+ {[%clk 00:00:41]} {[%emt 00:00:34]} 29. hxg3
{[%clk 00:30:15]} {[%emt 00:01:18]} Ne6 {[%clk 00:00:38]} {[%emt 00:00:32]} 30.
Bxe6 {[%clk 00:28:42]} {[%emt 00:02:05]} Rxe6 {[%clk 00:00:38]} {[%emt
00:00:30]} 31. Rc8+ {[%clk 00:29:03]} {[%emt 00:00:09]} Re8 {[%clk 00:01:02]}
{[%emt 00:00:05]} 32. Qxg5+ {[%clk 00:29:14]} {[%emt 00:00:20]} Kh7 {[%clk
00:00:35]} {[%emt 00:00:58]} 33. Qxb5 {[%clk 00:29:20]} {[%emt 00:00:24]} 1-0

[Event "Deutsche Ländermeisterschaft 2025"]
[Site "Oer-Erkenschwick GER"]
[Date "2025.10.05"]
[Round "7"]
[White "Didas, Emma"]
[Black "Fock, Madiha"]
[Result "1-0"]
[Termination "normal"]
[Board "7.7"]
[WhiteElo "1489"]
[BlackElo "1855"]
[WhiteClock "00:05:24"]
[BlackClock "00:11:05"]
[WhiteTeam "Saarland & Friends"]
[BlackTeam "Berlin"]
[PlyCount "155"]
[WhiteFideId "34681612"]
[BlackFideId "16253574"]
[EventCountry "GER"]
[EventRounds "7"]
[EventType "team-swiss"]
[EventDate "2025.09.30"]

1. e4 {[%clk 01:30:57]} {[%emt 00:00:03]} c5 {[%clk 01:30:37]} {[%emt
00:00:23]} 2. c3 {[%clk 01:31:21]} {[%emt 00:00:06]} Nf6 {[%clk 01:30:59]}
{[%emt 00:00:09]} 3. e5 {[%clk 01:31:43]} {[%emt 00:00:08]} Nd5 {[%clk
01:31:23]} {[%emt 00:00:05]} 4. d4 {[%clk 01:31:57]} {[%emt 00:00:16]} cxd4
{[%clk 01:31:39]} {[%emt 00:00:14]} 5. cxd4 {[%clk 01:32:21]} {[%emt 00:00:06]}
d6 {[%clk 01:31:32]} {[%emt 00:00:37]} 6. Bc4 {[%clk 01:30:06]} {[%emt
00:02:46]} Nb6 {[%clk 01:30:43]} {[%emt 00:01:19]} 7. Bb5+ {[%clk 01:30:06]}
{[%emt 00:00:30]} Bd7 {[%clk 01:28:27]} {[%emt 00:02:45]} 8. Bxd7+ {[%clk
01:29:03]} {[%emt 00:01:34]} Qxd7 {[%clk 01:28:39]} {[%emt 00:00:18]} 9. f4
{[%clk 01:26:43]} {[%emt 00:02:50]} Nc6 {[%clk 01:22:15]} {[%emt 00:06:54]} 10.
Nf3 {[%clk 01:24:20]} {[%emt 00:02:53]} Rd8 {[%clk 01:16:15]} {[%emt 00:06:29]}
11. Nc3 {[%clk 01:17:49]} {[%emt 00:07:02]} dxe5 {[%clk 01:07:28]} {[%emt
00:09:16]} 12. dxe5 {[%clk 01:17:54]} {[%emt 00:00:24]} Qf5 {[%clk 01:04:56]}
{[%emt 00:03:03]} 13. Qb3 {[%clk 01:13:18]} {[%emt 00:05:05]} e6 {[%clk
00:56:51]} {[%emt 00:08:36]} 14. a3 {[%clk 01:09:22]} {[%emt 00:04:25]} Bc5
{[%clk 00:55:52]} {[%emt 00:01:30]} 15. Bd2 {[%clk 01:03:03]} {[%emt 00:06:49]}
O-O {[%clk 00:51:12]} {[%emt 00:05:09]} 16. Rd1 {[%clk 00:59:55]} {[%emt
00:03:37]} Rd3 {[%clk 00:48:05]} {[%emt 00:03:38]} 17. Qb5 {[%clk 00:56:56]}
{[%emt 00:03:29]} Bd4 {[%clk 00:43:51]} {[%emt 00:04:45]} 18. Nh4 {[%clk
00:55:52]} {[%emt 00:01:34]} Qg4 {[%clk 00:38:02]} {[%emt 00:06:19]} 19. Qxd3
{[%clk 00:55:01]} {[%emt 00:01:20]} Qxh4+ {[%clk 00:37:49]} {[%emt 00:00:43]}
20. Qg3 {[%clk 00:53:35]} {[%emt 00:01:57]} Qh5 {[%clk 00:37:08]} {[%emt
00:01:11]} 21. Be3 {[%clk 00:47:01]} {[%emt 00:07:02]} Bxe3 {[%emt 00:03:16]}
22. Qxe3 {[%clk 00:46:57]} {[%emt 00:00:31]} Nc4 {[%clk 00:34:24]} {[%emt
00:00:33]} 23. Qf2 {[%clk 00:46:17]} {[%emt 00:01:07]} b6 {[%clk 00:31:13]}
{[%emt 00:03:43]} 24. O-O {[%clk 00:45:05]} {[%emt 00:01:41]} Qf5 {[%clk
00:25:03]} {[%emt 00:06:41]} 25. Rd7 {[%clk 00:42:13]} {[%emt 00:03:21]} Rc8
{[%clk 00:24:28]} {[%emt 00:01:05]} 26. Nb5 {[%clk 00:36:00]} {[%emt 00:06:44]}
a6 {[%clk 00:21:30]} {[%emt 00:03:29]} 27. Nd6 {[%clk 00:33:36]} {[%emt
00:02:53]} Nxd6 {[%clk 00:21:15]} {[%emt 00:00:45]} 28. Rxd6 {[%clk 00:34:00]}
{[%emt 00:00:06]} b5 {[%clk 00:21:03]} {[%emt 00:00:42]} 29. Qb6 {[%clk
00:34:05]} {[%emt 00:00:25]} Qc2 {[%clk 00:20:22]} {[%emt 00:01:11]} 30. Qxa6
{[%clk 00:33:06]} {[%emt 00:01:29]} Ne7 {[%clk 00:20:49]} {[%emt 00:00:04]} 31.
Rfd1 {[%clk 00:21:48]} {[%emt 00:11:47]} Qc5+ {[%clk 00:20:01]} {[%emt
00:01:18]} 32. Kh1 {[%clk 00:21:11]} {[%emt 00:01:07]} h6 {[%clk 00:20:19]}
{[%emt 00:00:13]} 33. h3 {[%clk 00:19:41]} {[%emt 00:02:00]} Kh7 {[%clk
00:20:19]} {[%emt 00:00:29]} 34. b4 {[%clk 00:19:26]} {[%emt 00:00:45]} Qf2
{[%clk 00:18:08]} {[%emt 00:02:41]} 35. Rd7 {[%clk 00:18:16]} {[%emt 00:01:40]}
Rc2 {[%clk 00:17:29]} {[%emt 00:01:09]} 36. Rg1 {[%clk 00:17:27]} {[%emt
00:01:19]} Nf5 {[%clk 00:17:19]} {[%emt 00:00:40]} 37. Qxb5 {[%clk 00:13:20]}
{[%emt 00:04:38]} Qxf4 {[%clk 00:15:37]} {[%emt 00:02:11]} 38. Rd3 {[%clk
00:03:04]} {[%emt 00:10:47]} Rd2 {[%clk 00:12:35]} {[%emt 00:03:32]} 39. Rf3
{[%clk 00:00:47]} {[%emt 00:02:46]} Ng3+ {[%clk 00:12:43]} {[%emt 00:00:22]}
40. Rxg3 {[%clk 00:01:01]} {[%emt 00:00:16]} Qxg3 {[%clk 00:13:08]} {[%emt
00:00:05]} 41. a4 {[%clk 00:00:42]} {[%emt 00:00:49]} Rd5 {[%clk 00:12:16]}
{[%emt 00:01:22]} 42. Qb7 {[%clk 00:28:49]} {[%emt 00:02:21]} Qf4 {[%clk
00:39:41]} {[%emt 00:03:06]} 43. a5 {[%clk 00:26:09]} {[%emt 00:03:11]} Rxe5
{[%clk 00:39:02]} {[%emt 00:01:10]} 44. a6 {[%clk 00:25:03]} {[%emt 00:01:35]}
Re3 {[%clk 00:33:35]} {[%emt 00:05:57]} 45. a7 {[%clk 00:24:03]} {[%emt
00:01:30]} Qh4 {[%clk 00:33:21]} {[%emt 00:00:44]} 46. Rd1 {[%clk 00:13:45]}
{[%emt 00:10:48]} Rxh3+ {[%clk 00:31:11]} {[%emt 00:02:40]} 47. gxh3 {[%clk
00:14:02]} {[%emt 00:00:14]} Qxh3+ {[%clk 00:31:37]} {[%emt 00:00:04]} 48. Kg1
{[%clk 00:14:24]} {[%emt 00:00:07]} Qg4+ {[%clk 00:26:33]} {[%emt 00:05:34]}
49. Kf2 {[%clk 00:14:27]} {[%emt 00:00:27]} Qxd1 {[%clk 00:26:49]} {[%emt
00:00:14]} 50. a8=Q {[%clk 00:14:35]} {[%emt 00:00:21]} Qd4+ {[%clk 00:26:49]}
{[%emt 00:00:30]} 51. Kg3 {[%clk 00:13:07]} {[%emt 00:02:00]} Qe5+ {[%clk
00:27:00]} {[%emt 00:00:18]} 52. Kf3 {[%clk 00:11:35]} {[%emt 00:01:58]} Qc3+
{[%clk 00:25:54]} {[%emt 00:01:40]} 53. Ke2 {[%clk 00:10:52]} {[%emt 00:01:09]}
Qc2+ {[%clk 00:25:40]} {[%emt 00:00:47]} 54. Kf3 {[%clk 00:10:56]} {[%emt
00:00:26]} Qc3+ {[%clk 00:25:58]} {[%emt 00:00:13]} 55. Kg2 {[%clk 00:10:53]}
{[%emt 00:00:32]} Qc2+ {[%clk 00:25:07]} {[%emt 00:01:22]} 56. Kh3 {[%clk
00:10:51]} {[%emt 00:00:31]} Qf5+ {[%clk 00:25:17]} {[%emt 00:00:20]} 57. Kh2
{[%clk 00:09:31]} {[%emt 00:01:49]} Qf4+ {[%clk 00:25:27]} {[%emt 00:00:22]}
58. Kg1 {[%clk 00:09:27]} {[%emt 00:00:33]} Qc1+ {[%clk 00:24:59]} {[%emt
00:00:58]} 59. Kh2 {[%clk 00:09:20]} {[%emt 00:00:36]} Qf4+ {[%clk 00:25:23]}
{[%emt 00:00:08]} 60. Kg2 {[%clk 00:07:50]} {[%emt 00:01:53]} Qg4+ {[%clk
00:24:40]} {[%emt 00:01:20]} 61. Kf2 {[%clk 00:07:43]} {[%emt 00:00:36]} Qd4+
{[%clk 00:23:57]} {[%emt 00:01:12]} 62. Ke2 {[%clk 00:07:51]} {[%emt 00:00:23]}
Qb2+ {[%clk 00:22:56]} {[%emt 00:01:32]} 63. Kd3 {[%clk 00:07:43]} {[%emt
00:00:35]} Qb3+ {[%clk 00:19:41]} {[%emt 00:03:48]} 64. Kd4 {[%clk 00:07:52]}
{[%emt 00:00:21]} Qb2+ {[%clk 00:18:59]} {[%emt 00:01:12]} 65. Kc5 {[%clk
00:08:00]} {[%emt 00:00:22]} Qf2+ {[%clk 00:19:17]} {[%emt 00:00:12]} 66. Kb5
{[%clk 00:07:19]} {[%emt 00:01:09]} Qe2+ {[%clk 00:19:25]} {[%emt 00:00:23]}
67. Kb6 {[%clk 00:07:40]} {[%emt 00:00:10]} Qe3+ {[%clk 00:19:24]} {[%emt
00:00:31]} 68. Kc7 {[%clk 00:07:50]} {[%emt 00:00:20]} Qg3+ {[%clk 00:17:20]}
{[%emt 00:02:34]} 69. Kc8 {[%clk 00:08:06]} {[%emt 00:00:13]} Qc3+ {[%clk
00:17:14]} {[%emt 00:00:36]} 70. Kb8 {[%clk 00:08:03]} {[%emt 00:00:33]} f5
{[%clk 00:15:55]} {[%emt 00:01:50]} 71. Qa5 {[%clk 00:07:50]} {[%emt 00:00:41]}
h5 {[%clk 00:15:10]} {[%emt 00:01:17]} 72. Qac7 {[%clk 00:07:44]} {[%emt
00:00:36]} Qf6 {[%clk 00:15:24]} {[%emt 00:00:16]} 73. b5 {[%clk 00:06:58]}
{[%emt 00:01:16]} h4 {[%clk 00:15:50]} {[%emt 00:00:04]} 74. b6 {[%clk
00:06:48]} {[%emt 00:00:40]} h3 {[%clk 00:14:54]} {[%emt 00:01:26]} 75. Qg3
{[%clk 00:05:48]} {[%emt 00:01:29]} Qh6 {[%clk 00:14:13]} {[%emt 00:01:12]} 76.
Qbc7 {[%clk 00:06:02]} {[%emt 00:00:16]} Kg8 {[%clk 00:13:15]} {[%emt
00:01:28]} 77. b7 {[%clk 00:06:09]} {[%emt 00:00:23]} g5 {[%clk 00:11:05]}
{[%emt 00:02:40]} 78. Ka7 {[%clk 00:05:24]} {[%emt 00:01:15]} 1-0

[Event "Deutsche Ländermeisterschaft 2025"]
[Site "Oer-Erkenschwick GER"]
[Date "2025.10.05"]
[Round "7"]
[White "Bayer, Klara"]
[Black "Classen, Meara"]
[Result "1-0"]
[Termination "normal"]
[Board "7.8"]
[WhiteElo "1749"]
[BlackElo "1520"]
[WhiteClock "01:10:13"]
[BlackClock "00:25:26"]
[WhiteTeam "Berlin"]
[BlackTeam "Saarland & Friends"]
[PlyCount "155"]
[WhiteFideId "34658955"]
[BlackFideId "34626956"]
[EventCountry "GER"]
[EventRounds "7"]
[EventType "team-swiss"]
[EventDate "2025.09.30"]

1. c4 {[%clk 01:30:56]} {[%emt 00:00:04]} Nf6 {[%clk 01:30:54]} {[%emt
00:00:06]} 2. g3 {[%clk 01:31:20]} {[%emt 00:00:06]} e6 {[%clk 01:30:50]}
{[%emt 00:00:33]} 3. Bg2 {[%clk 01:31:40]} {[%emt 00:00:10]} d5 {[%clk
01:30:34]} {[%emt 00:00:48]} 4. d4 {[%clk 01:31:43]} {[%emt 00:00:26]} Be7
{[%clk 01:30:36]} {[%emt 00:00:29]} 5. Nc3 {[%clk 01:31:53]} {[%emt 00:00:19]}
O-O {[%clk 01:29:36]} {[%emt 00:01:30]} 6. Bg5 {[%clk 01:27:44]} {[%emt
00:04:39]} c6 {[%clk 01:27:40]} {[%emt 00:02:26]} 7. Nf3 {[%clk 01:26:57]}
{[%emt 00:01:17]} b6 {[%clk 01:22:55]} {[%emt 00:05:15]} 8. O-O {[%clk
01:27:07]} {[%emt 00:00:20]} Bb7 {[%clk 01:21:53]} {[%emt 00:01:32]} 9. Rc1
{[%clk 01:26:31]} {[%emt 00:01:06]} h6 {[%clk 01:19:25]} {[%emt 00:02:58]} 10.
Bxf6 {[%clk 01:24:34]} {[%emt 00:02:27]} Bxf6 {[%clk 01:18:41]} {[%emt
00:01:14]} 11. cxd5 {[%clk 01:24:54]} {[%emt 00:00:10]} exd5 {[%clk 01:17:27]}
{[%emt 00:01:44]} 12. e4 {[%clk 01:22:16]} {[%emt 00:03:08]} dxe4 {[%clk
01:04:30]} {[%emt 00:13:28]} 13. Nxe4 {[%clk 01:22:36]} {[%emt 00:00:11]} Nd7
{[%clk 01:04:27]} {[%emt 00:00:32]} 14. Nxf6+ {[%clk 01:22:32]} {[%emt
00:00:35]} Nxf6 {[%clk 01:03:58]} {[%emt 00:00:58]} 15. Ne5 {[%clk 01:21:07]}
{[%emt 00:01:54]} Rc8 {[%clk 01:01:31]} {[%emt 00:02:58]} 16. Qa4 {[%clk
01:17:36]} {[%emt 00:04:01]} Qd6 {[%clk 00:55:30]} {[%emt 00:06:28]} 17. Qxa7
{[%clk 01:10:10]} {[%emt 00:07:59]} Qc7 {[%clk 00:49:29]} {[%emt 00:05:59]} 18.
Bxc6 {[%clk 01:04:31]} {[%emt 00:06:42]} Bxc6 {[%clk 00:48:46]} {[%emt
00:01:12]} 19. Qxc7 {[%clk 01:04:32]} {[%emt 00:00:29]} Rxc7 {[%clk 00:48:56]}
{[%emt 00:00:20]} 20. Rxc6 {[%clk 01:04:50]} {[%emt 00:00:12]} Rxc6 {[%clk
00:49:06]} {[%emt 00:00:20]} 21. Nxc6 {[%clk 01:05:05]} {[%emt 00:00:15]} Nd5
{[%clk 00:47:46]} {[%emt 00:01:49]} 22. Rc1 {[%clk 01:00:48]} {[%emt 00:04:48]}
Rc8 {[%clk 00:46:59]} {[%emt 00:01:17]} 23. Rc2 {[%clk 00:59:59]} {[%emt
00:01:19]} Ra8 {[%clk 00:45:18]} {[%emt 00:02:09]} 24. a3 {[%clk 01:00:08]}
{[%emt 00:00:23]} Kf8 {[%clk 00:42:32]} {[%emt 00:03:16]} 25. Rc4 {[%clk
00:55:23]} {[%emt 00:05:14]} Nc7 {[%clk 00:35:31]} {[%emt 00:07:31]} 26. Nb4
{[%clk 00:53:45]} {[%emt 00:02:09]} Ne6 {[%clk 00:34:41]} {[%emt 00:01:20]} 27.
Nd5 {[%clk 00:52:04]} {[%emt 00:02:11]} b5 {[%clk 00:30:53]} {[%emt 00:04:18]}
28. Rb4 {[%clk 00:48:47]} {[%emt 00:03:46]} Rb8 {[%clk 00:29:04]} {[%emt
00:02:11]} 29. Kf1 {[%clk 00:47:59]} {[%emt 00:01:27]} Ke8 {[%clk 00:28:54]}
{[%emt 00:00:39]} 30. Ke2 {[%clk 00:48:10]} {[%emt 00:00:18]} Kd7 {[%clk
00:29:12]} {[%emt 00:00:13]} 31. Kd3 {[%clk 00:48:24]} {[%emt 00:00:17]} Kc6
{[%clk 00:28:13]} {[%emt 00:01:29]} 32. Nc3 {[%clk 00:48:14]} {[%emt 00:00:40]}
Ng5 {[%clk 00:24:59]} {[%emt 00:03:42]} 33. a4 {[%clk 00:45:40]} {[%emt
00:03:06]} Nh3 {[%clk 00:08:12]} {[%emt 00:17:17]} 34. axb5+ {[%clk 00:42:26]}
{[%emt 00:03:44]} Kc7 {[%clk 00:06:16]} {[%emt 00:02:20]} 35. Rc4+ {[%clk
00:40:43]} {[%emt 00:02:19]} Kd7 {[%clk 00:05:03]} {[%emt 00:01:42]} 36. Ke3
{[%clk 00:39:54]} {[%emt 00:01:18]} Re8+ {[%clk 00:04:56]} {[%emt 00:00:38]}
37. Kf3 {[%clk 00:40:03]} {[%emt 00:00:21]} Ng5+ {[%clk 00:04:40]} {[%emt
00:00:46]} 38. Kg2 {[%clk 00:40:12]} {[%emt 00:00:22]} Rc8 {[%clk 00:03:44]}
{[%emt 00:01:24]} 39. Rxc8 {[%clk 00:39:10]} {[%emt 00:01:34]} Kxc8 {[%clk
00:04:08]} {[%emt 00:00:07]} 40. d5 {[%clk 00:39:32]} {[%emt 00:00:07]} f6
{[%clk 00:02:06]} {[%emt 00:02:32]} 41. f4 {[%clk 00:39:39]} {[%emt 00:00:22]}
Nf7 {[%clk 00:02:13]} {[%emt 00:00:23]} 42. Kf3 {[%clk 00:39:33]} {[%emt
00:00:36]} Nd6 {[%clk 00:01:59]} {[%emt 00:00:44]} 43. b6 {[%clk 00:39:37]}
{[%emt 00:00:26]} Kb7 {[%clk 00:01:13]} {[%emt 00:01:16]} 44. Na4 {[%clk
00:39:46]} {[%emt 00:00:22]} Nc4 {[%clk 00:00:56]} {[%emt 00:00:47]} 45. b3
{[%clk 00:40:01]} {[%emt 00:00:14]} Nd2+ {[%clk 00:30:06]} {[%emt 00:01:20]}
46. Ke3 {[%clk 01:10:23]} {[%emt 00:00:08]} Nxb3 {[%clk 00:30:27]} {[%emt
00:00:10]} 47. Ke4 {[%clk 01:10:18]} {[%emt 00:00:34]} Na5 {[%clk 00:29:23]}
{[%emt 00:01:34]} 48. Kf5 {[%clk 01:10:24]} {[%emt 00:00:25]} Ka6 {[%clk
00:28:26]} {[%emt 00:01:25]} 49. d6 {[%clk 01:09:59]} {[%emt 00:00:57]} Nb7
{[%clk 00:27:23]} {[%emt 00:01:31]} 50. d7 {[%clk 01:08:58]} {[%emt 00:01:33]}
Kb5 {[%clk 00:26:59]} {[%emt 00:00:55]} 51. Ke6 {[%clk 01:02:43]} {[%emt
00:06:45]} Kxa4 {[%clk 00:26:34]} {[%emt 00:00:55]} 52. Ke7 {[%clk 01:02:51]}
{[%emt 00:00:21]} Kb5 {[%clk 00:26:35]} {[%emt 00:00:27]} 53. d8=Q {[%clk
01:02:48]} {[%emt 00:00:35]} Nxd8 {[%clk 00:26:51]} {[%emt 00:00:14]} 54. Kxd8
{[%clk 01:03:08]} {[%emt 00:00:10]} Kxb6 {[%clk 00:27:16]} {[%emt 00:00:04]}
55. Ke7 {[%clk 01:03:34]} {[%emt 00:00:04]} f5 {[%clk 00:24:42]} {[%emt
00:03:05]} 56. Kf7 {[%clk 01:03:43]} {[%emt 00:00:21]} g5 {[%clk 00:24:55]}
{[%emt 00:00:16]} 57. Kf6 {[%clk 01:04:04]} {[%emt 00:00:08]} gxf4 {[%clk
00:25:15]} {[%emt 00:00:11]} 58. gxf4 {[%clk 01:04:28]} {[%emt 00:00:07]} Kc6
{[%clk 00:24:07]} {[%emt 00:01:37]} 59. Kxf5 {[%clk 01:04:50]} {[%emt
00:00:08]} Kd6 {[%clk 00:22:15]} {[%emt 00:02:21]} 60. Kg6 {[%clk 01:04:53]}
{[%emt 00:00:27]} Ke7 {[%clk 00:21:35]} {[%emt 00:01:09]} 61. f5 {[%clk
01:04:10]} {[%emt 00:01:15]} Kf8 {[%clk 00:21:29]} {[%emt 00:00:35]} 62. f6
{[%clk 01:04:31]} {[%emt 00:00:10]} h5 {[%clk 00:21:38]} {[%emt 00:00:21]} 63.
f7 {[%clk 01:04:55]} {[%emt 00:00:05]} h4 {[%clk 00:21:49]} {[%emt 00:00:19]}
64. h3 {[%clk 01:05:13]} {[%emt 00:00:12]} Ke7 {[%clk 00:22:11]} {[%emt
00:00:09]} 65. Kg7 {[%clk 01:05:38]} {[%emt 00:00:05]} Ke6 {[%clk 00:22:30]}
{[%emt 00:00:11]} 66. f8=Q {[%clk 01:05:57]} {[%emt 00:00:10]} Ke5 {[%clk
00:22:49]} {[%emt 00:00:12]} 67. Qf6+ {[%clk 01:06:19]} {[%emt 00:00:08]} Ke4
{[%clk 00:23:05]} {[%emt 00:00:12]} 68. Kf7 {[%clk 01:06:34]} {[%emt 00:00:16]}
Kd5 {[%clk 00:23:26]} {[%emt 00:00:09]} 69. Qe6+ {[%clk 01:07:00]} {[%emt
00:00:05]} Kd4 {[%clk 00:23:38]} {[%emt 00:00:17]} 70. Kf6 {[%clk 01:07:20]}
{[%emt 00:00:10]} Kc5 {[%clk 00:23:39]} {[%emt 00:00:27]} 71. Ke5 {[%clk
01:07:44]} {[%emt 00:00:07]} Kb5 {[%clk 00:23:47]} {[%emt 00:00:22]} 72. Kd5
{[%clk 01:08:02]} {[%emt 00:00:12]} Kb4 {[%clk 00:24:00]} {[%emt 00:00:17]} 73.
Qc6 {[%clk 01:08:27]} {[%emt 00:00:06]} Kb3 {[%clk 00:24:19]} {[%emt 00:00:10]}
74. Qc4+ {[%clk 01:08:49]} {[%emt 00:00:08]} Kb2 {[%clk 00:24:42]} {[%emt
00:00:08]} 75. Kd4 {[%clk 01:09:06]} {[%emt 00:00:12]} Kb1 {[%clk 00:24:51]}
{[%emt 00:00:22]} 76. Qe2 {[%clk 01:09:23]} {[%emt 00:00:12]} Ka1 {[%clk
00:25:06]} {[%emt 00:00:14]} 77. Kc3 {[%clk 01:09:47]} {[%emt 00:00:07]} Kb1
{[%clk 00:25:26]} {[%emt 00:00:10]} 78. Qb2# {[%clk 01:10:13]} {[%emt
00:00:04]} 1-0